Legálna definícia banky v právnych poriadkoch vybraných štátov

Legálna definícia pojmu banka v značnej miere odráža atribúty, ktoré musí banka ako inštitúcia v zmysle jednotlivých právnych poriadkov spĺňať, a zároveň predstavuje rozdeľujúci faktor medzi bankami a ostatnými subjektmi finančného trhu, ktorý sa odráža najmä v rozsahu a charaktere vykonávaných činn...

Descrizione completa

Salvato in:
Dettagli Bibliografici
Autore principale: Heseková Bojmírová, Simona
Natura: Capitolo di libro
Lingua:slovacco
Soggetti:
Tags: Aggiungi Tag
Nessun Tag, puoi essere il primo ad aggiungerne!!

MARC

LEADER 00000naa a2200000 4500
001 0198379
005 20221019164625.1
041 0 |a slo 
044 |a SK 
245 1 0 |a Legálna definícia banky v právnych poriadkoch vybraných štátov  |c Simona Heseková Bojmírová 
520 |a Legálna definícia pojmu banka v značnej miere odráža atribúty, ktoré musí banka ako inštitúcia v zmysle jednotlivých právnych poriadkov spĺňať, a zároveň predstavuje rozdeľujúci faktor medzi bankami a ostatnými subjektmi finančného trhu, ktorý sa odráža najmä v rozsahu a charaktere vykonávaných činností. Problematika legálnej definície pojmu banka a jej obchodného mena v právnom poriadku Slovenskej republiky, Ruskej federácie a Spojeného kráľovstva Veľkej Británie a Severného Írska s prihliadnutím na právo Európskej únie. Vzhľadom na odlišné historické, geopolitické, ako aj spoločenské aspekty a právny systém sa prístup právnych poriadkov vybraných štátov k danej problematike vyznačuje značnými špecifikami. 
610 2 0 |a Európska únia 
610 2 0 |a Slovensko 
610 2 0 |a poriadok právny 
610 2 0 |a banky 
610 2 0 |a definície 
610 2 0 |a Rusko 
610 2 0 |a Veľká Británia 
610 2 0 |a Írsko 
100 1 |a Heseková Bojmírová, Simona